01054nam a2200217 i 4500001000700000003000700007005001700014008004100031080002100072100003600093245017100129260009900300300004000399490006800439504004500507700002000552700002600572710006500598830006800663852010500731187342SpMaBN20230906222904.0170609s1961 sp f |||| | spa d a821.134.2-34"14"1 aSánchez de Vercial, Clemente.10aLibro de los exenplos, por A.B.C. / c[Clemente Sánchez de Vercial] ; edición crítica por John Esten Keller ; vocabulario-etimológico por Louis Jennings Zahn. aMadrid : bConsejo Superior de Investigaciones Científicas, c1961 (eValencia : fCastelia) a449 p., [1] h. de lám. ; c25 cm.1 aClásicos hispánicos. aSerie II, Ediciones críticas ; v5 aBibliografía: p. [343]-344, [445]-446.1 aKeller, John E.1 aZahn, Louis Jennings.2 aConsejo Superior de Investigaciones Científicas (España)0 aClásicos hispánicos. aSerie II, Ediciones críticas ; v5 aES-MaACLjL-31693 z- enc. cart. z. - Donat. herederos de la bibl. de Mª del Pilar Costa Palacín